02074nam a2200361 i 4500001001000000003000900010005001700019007000300036008004100039040003000080082002600110245024900136264007200385300004500457336002700502337003200529338002800561504003200589590002600621650004500647650005500692700004700747700005900794700005800853910003800911942001400949952015000963952015001113952015001263952013801413952014401551999001701695000027464DO-SdBNP20240228184147.0ta110331s1995 dr a r 000 | spa d aDO-SdBNPbspacBNPHUerda 4a929.6097293bE93e22200aEvolución del escudo dominicano :bhomenaje al 150 aniversario de la independencia nacional, 27 de febrero de 1995 /cpresentación de, Héctor Valdez Albizu ; prólogo de, Celina Fondeur Cernuda ; introducción de, Octavio Amiama Castro. aSanto Domingo :bBanco Central de la República Dominicana,c1995. a127 páginas :bilustraciones ;c23 cm. 2rdacontentatextobtxt 2rdamediaasin mediciónbn 2rdacarrieravolumenbnc aBibliografía : p. 125-127 aInventariado, 2018/BT 4aHeraldicazRepública Dominicana911720 4aDivisas (heraldica)zRepública Dominicana9545361 aFondeur Cernuda, Celina,eprólogo9545371 aValdez Albizu, Héctor,d1947-epresentación9123221 aAmiama Castro, Octavio,d1936-eintroducción954538 aValidado. Control de calidad. MFF 2ddccLBS1 00102ddc56708DSaBNPHUbBNPHUcHDd2011-04-01l0oBNPHU DS 929.6097293 E93ep27464-30r2020-06-25te. 3w2020-06-25yLBS1ZPréstamo en sala 00102ddc56708DSaBNPHUbBNPHUcHDd2011-04-01l0oBNPHU DS 929.6097293 E93ep27464-40r2020-06-25te. 4w2020-06-25yLBS1ZPréstamo en sala 00102ddc56708DSaBNPHUbBNPHUcHDd2011-04-01l0oBNPHU DS 929.6097293 E93ep27464-50r2020-06-25te. 5w2020-06-25yLBS1ZPréstamo en sala 00102ddc51708PDaBNPHUbBNPHUcHDd2011-03-31l0oBNPHU PD 929.6097293 E93ep27464-10r2020-06-25w2020-06-25yLBS1ZNo se presta 00102ddc51708PDaBNPHUbBNPHUcHDd2011-04-01l0oBNPHU PD 929.6097293 E93ep27464-20r2020-06-25te. 2w2020-06-25yLBS1ZNo se presta c26956d26956